Normal view
MARC view
Entry Personal Name
001 - CONTROL NUMBER
- control field: 23608
003 - CONTROL NUMBER IDENTIFIER
- control field: dpl
005 - DATE AND TIME OF LATEST TRANSACTION
- control field: 20101016161211.0
008 - FIXED-LENGTH DATA ELEMENTS
- fixed length control field: 101016|||a|||||| | ||| d
040 ## - CATALOGING SOURCE
- Original cataloging agency: dpl
- Transcribing agency: dpl
100 ## - HEADING--PERSONAL NAME
- Personal name:
- Dates associated with a name: 000
670 ## - SOURCE DATA FOUND
- Source citation: Work cat.: (dpl)36189: 000, आर गुप्ता कृत पॉपुलर मास्टर गाइड इंडिया रिजर्व बटालियनः(IRB)कांस्टेबल, 2011
670 ## - SOURCE DATA FOUND
- Source citation: Work cat.: (dpl)36189: 000, आर गुप्ता कृत पॉपुलर मास्टर गाइड इंडिया रिजर्व बटालियनः(IRB)कांस्टेबल, 2011
